00643nam a2200217Ia 4500003000900000008004100009040001300050040001300063041000800076100002300084245003100107250001100138260001900149260000900168300001100177300001000188490000600198942000700204999001700211952019700228IT-RoPAU120407s9999 xx 000 0 und d aIT-RoPAU cIT-RoPAU aita aJohann Willebrands aL’unità dei cristiani. aNapoli aEd. Domenicane c1965 a105 p. c20 cm v1 cBK c24172d24172 00102ddc406289_40000000000000071aPAULUSbPAULUSd2012-04-11l0o289.4r2012-04-11 00:00:00w2012-04-11yBKzInserito da: Jole In data: 27 settembre 2011 fondo: Via A.Severo 56 Progr:17943